| 000 | 01765nam a22001937a 4500 | ||
|---|---|---|---|
| 999 |
_c63458 _d63458 |
||
| 003 | Ge_BSU | ||
| 005 | 20251013210046.0 | ||
| 008 | 251013s1958 ge ||||| |||| 00| 0 geo d | ||
| 041 | _ageo | ||
| 080 | _a631.115.6 + 328(47+57) ხ-87 | ||
| 100 |
_aხრუშჩოვი, ნ.ს. _926023 |
||
| 245 |
_aსაკოლმეურნეო წყობილების შემდგომი განვითარებისა და მანქანა-ტრაქტორთა სადგურების რეორგანიზაციის შესახებ ; კანონი საკოლმეურნეო წყობილების შემდგომი განვითარებისა და მანქანა-ტრაქტორთა სადგურების რეორგანიზაციის შესახებ : _bმოხსენება და საბოლოო სიტყვა სსრ კავშირის მეხუთე მოწვევის უმაღლესი საბჭოს 1 სესიაზე 1958 წლის 27 და 31 მარტს / _c ნ.ს. ხრუშჩოვი. |
||
| 264 |
_aთბილისი : _bსაბჭ. საქართველო, _c1958. |
||
| 300 |
_a94 გვ. ; _b 20 სმ. |
||
| 653 | _aსაკოლმეურნეო წყობილება საბჭოთა კავშირში | ||
| 653 | _aმანქანა-ტრაქტორთა სადგურები საბჭოთა კავშირში | ||
| 653 | _aსსრ კავშირის უმაღლესი საბჭოს სესიები | ||
| 942 |
_2udc _cᲬᲘᲒᲜᲘ |
||